MARC details
| 000 -LEADER |
| campo de control de longitud fija |
01752nam a22004215c 4500 |
| 001 - NÚMERO DE CONTROL |
| campo de control |
196052 |
| 003 - IDENTIFICADOR DE NÚMERO DE CONTROL |
| campo de control |
ES-MaACL |
| 005 - FECHA Y HORA DE LA ÚLTIMA TRANSACCIÓN |
| campo de control |
20250428063010.0 |
| 008 - DATOS DE LONGITUD FIJA--INFORMACIÓN GENERAL |
| campo de control de longitud fija |
240810s2022 sp a | |||| 000 0 spa |
| 015 ## - NÚMERO DE BIBLIOGRAFÍA NACIONAL |
| Número de bibliografía nacional |
MON22 |
| 017 ## - NÚMERO DE COPYRIGHT O DE DEPÓSITO LEGAL |
| Número de copyright o de depósito legal |
AS 2414-2022 |
| Agencia que asigna |
Oficina Depósito Legal Asturias |
| 020 ## - NÚMERO INTERNACIONAL ESTÁNDAR DEL LIBRO |
| Número Internacional Estándar del Libro |
9788412428254 |
| 035 ## - NÚMERO DE CONTROL DEL SISTEMA |
| Número de control de sistema |
(SpMaBN)a7211289 |
| 035 ## - NÚMERO DE CONTROL DEL SISTEMA |
| Número de control de sistema |
991046455199708606 |
| 040 ## - FUENTE DE CATALOGACIÓN |
| Centro catalogador/agencia de origen |
SpMaBN |
| Lengua de catalogación |
spa |
| Centro/agencia transcriptor |
SpMaBN |
| Normas de descripción |
rda |
| 080 ## - NÚMERO DE LA CLASIFICACIÓN DECIMAL UNIVERSAL |
| Número de la Clasificación Decimal Universal |
364-57(460.154 Mondragón):615.838 |
| 100 1# - ENTRADA PRINCIPAL--NOMBRE DE PERSONA |
| Nombre de persona |
Valenzuela Doussinague, Juan Pedro |
| 9 (RLIN) |
238056 |
| Término indicativo de función/relación |
Autor |
| 245 13 - MENCIÓN DEL TÍTULO |
| Título |
El balneario de Santa Águeda / |
| Mención de responsabilidad, etc. |
Juan Pedro Valenzuela Doussinague |
| 246 0# - FORMA VARIANTE DEL TITULO |
| Texto de visualización |
Subtítulo de la cubierta |
| Título propio/Titulo breve |
Historia, anécdotas y curiosidades, Arrasate-Mondragón, Guipúzcoa (s. XIX) |
| 250 ## - MENCION DE EDICION |
| Mención de edición |
Primera edición 10/2022 |
| 264 #1 - PRODUCCIÓN, PUBLICACIÓN, DISTRIBUCIÓN, FABRICACIÓN Y COPYRIGHT |
| Producción, publicación, distribución, fabricación y copyright |
Gijón, España |
| Nombre del de productor, editor, distribuidor, fabricante |
Gravitaciones, |
| Fecha de producción, publicación, distribución, fabricación o copyright |
[2022] |
| 264 #4 - PRODUCCIÓN, PUBLICACIÓN, DISTRIBUCIÓN, FABRICACIÓN Y COPYRIGHT |
| Fecha de producción, publicación, distribución, fabricación o copyright |
©2022 |
| 300 ## - DESCRIPCIÓN FÍSICA |
| Extensión |
259 páginas |
| Otras características físicas |
ilustraciones (blanco y negro y color) |
| Dimensiones |
23 cm |
| 336 ## - TIPO DE CONTENIDO |
| Término de tipo de contenido |
Texto |
| Fuente |
rdacontent |
| 337 ## - TIPO DE MEDIO |
| Nombre/término del tipo de medio |
sin mediación |
| Fuente |
rdamedia |
| 338 ## - TIPO DE SOPORTE |
| Nombre/término del tipo de soporte |
volumen |
| Fuente |
rdacarrier |
| 490 1# - MENCIÓN DE SERIE |
| Mención de serie |
Colección Observatorio ; |
| Designación de volumen o secuencia |
1 |
| 500 ## - NOTA GENERAL |
| Nota general |
Catalogación provisional. Signatura: N-9179. Depósito J. |
| 504 ## - NOTA DE BIBLIOGRAFÍA, ETC. |
| Nota de bibliografía, etc. |
Bibliografía: páginas 253-259 |
| 610 27 - PUNTO DE ACCESO ADICIONAL DE MATERIA--NOMBRE DE ENTIDAD CORPORATIVA |
| Nombre de entidad corporativa o nombre de jurisdicción como elemento de entrada |
Balneario de Santa Águeda |
| Subdivisión de forma |
Historia |
| 9 (RLIN) |
238057 |
| 830 #0 - PUNTO DE ACCESO ADICIONAL DE SERIE-TÍTULO UNIFORME |
| Título uniforme |
Colección Observatorio ; |
| Designación de volumen o secuencia |
1 |
| 9 (RLIN) |
240109 |
| 852 ## - LOCALIZACIÓN |
| Ubicación |
ES-MaACL |
| Sublocalización o colección |
R.154404 |
| Ubicación en estantería |
Depósito J |
| Número de control de estantería |
N-9179 |
| Anotaciones manuscritas |
Dedicatoria autógrafa del autor |
| Donativo/Legado |
Donación: Juan Pedro Valenzuela Doussinague |
| Encuadernación |
Encuadernación rústica con solapas |
| itemnumber |
205084 |
| 903 ## - NOMBRE PERSONAL DE DONANTE |
| 9 |
238056 |
| a |
Valenzuela Doussinague, Juan Pedro |
| e |
Donante |
| 942 ## - ELEMENTOS DE ENTRADA SECUNDARIOS (KOHA) |
| Fuente del sistema de clasificación o colocación |
Clasificación decimal universal |
| Tipo de ítem Koha |
Libro impreso |
| Suprimir en OPAC |
No |